Okekel - 1000 MIXTAPE - Statystyki

Ogólne statystyki
  • Ten quiz został rozwiązany 21 razy
  • Średni wynik to 14 z 20
Statystyki odpowiedzi
1000 MIXTAPE % Poprawnych
Rejon nie zamula
94%
Pogodynka
89%
Crash
78%
Ojciec rozpierdolił bete
78%
Śniadaniówka
78%
Szybkie Samochody
78%
Wylądowałem
78%
Jeden dzień / drugi dzień
72%
Judasz
72%
Kwiatki
72%
Udało Nam Się
67%
Czytaj książki
61%
Ewenement
61%
Nagrywam to pod ziemią
61%
Ulewa
61%
Wszystko
61%
Beztroski
56%
Mówisz
50%
Śpią na dzieciaku
50%
Co powiedzieć
44%
Nie znaleziono quizów pasujących do podanych kryteriów
Rozkład punktacji
Procent ludzi z każdym wynikiem
Percentyl według liczby udzielonych odpowiedzi
Twoja historia wyników
Nie rozwiązałeś tego quizu